000 00324nam a2200145Ia 4500
008 191201s2005 xx 000 0 und d
082 _a658.18
_bCZI
100 _aCZINKOTA, M
245 0 _aInternational Business
250 _a6th
260 _aN.Delhi
_bThomson
_c2005
300 _a672
650 _aMBA
942 _2ddc
_cBK
999 _c3088
_d3088